Normal view
MARC view
- Dr. Muhammad Iqbal
Entry Personal Name
001 - CONTROL NUMBER
- control field: 29806
003 - CONTROL NUMBER IDENTIFIER
- control field: NUST
005 - DATE AND TIME OF LATEST TRANSACTION
- control field: 20200903120429.0
008 - FIXED-LENGTH DATA ELEMENTS
- fixed length control field: 200903|| aca||aabn | a|a d
040 ## - CATALOGING SOURCE
- Original cataloging agency: NUST
- Transcribing agency: NUST
100 ## - HEADING--PERSONAL NAME
- Personal name: Dr. Muhammad Iqbal
670 ## - SOURCE DATA FOUND
- Source citation: Work cat.: (NUST): Iqbal, Saeed 29805, Integration of PLC, SCADA and DCS control systems for GTL plant /, 2014.
